[Event "FRA-chT2 South 0607"]
[Site "France"]
[Date "2006.12.10"]
[Round "4.2"]
[White "Gendre, Kostia"]
[Black "Gaudineau, Eric"]
[Result "0-1"]
[WhiteElo "2210"]
[BlackElo "2299"]
[PlyCount "40"]
[EventDate "2006.10.15"]
[EventType "team"]
[EventRounds "11"]
[EventCountry "FRA"]
[SourceTitle "EXT 2008"]
[Source "ChessBase"]
[SourceDate "2007.11.25"]
[SourceVersion "1"]
[SourceVersionDate "2007.11.25"]
[SourceQuality "1"]
[WhiteTeam "Grenoble"]
[BlackTeam "Vitrolles"]
[WhiteTeamCountry "FRA"]
[BlackTeamCountry "FRA"]

1. e4 e5 2. Nf3 Nc6 3. d4 exd4 4. Bc4 Bc5 5. c3 Nf6 6. e5 d5 7. Bb5 Ne4 8. cxd4 Bb4+ 9. Nbd2 0-0 10. a3 Bxd2+ 11. Bxd2 f6 12. Be3 fxe5 13. Bxc6 bxc6 14. Nxe5 Ba6 15. Qg4 Qd6 16. b4 c5 17. Rc1 cxd4 18. Bxd4 Nxf2 19. Qh5 Rae8 20. Rc6 Qxc6 0-1

[Event "FRA-chT2C 0506"]
[Site "France"]
[Date "2006.04.01"]
[Round "10.5"]
[White "Sasot Samplon, Eloy"]
[Black "Gendre, Kostia"]
[Result "1-0"]
[WhiteElo "2136"]
[BlackElo "2216"]
[PlyCount "81"]
[EventDate "2005.10.27"]
[EventType "team"]
[EventRounds "11"]
[EventCountry "FRA"]
[SourceTitle "EXT 2006"]
[Source "ChessBase"]
[SourceDate "2005.11.24"]
[SourceVersion "1"]
[SourceVersionDate "2005.11.24"]
[SourceQuality "1"]
[BlackTeam "Grenoble"]
[BlackTeamCountry "FRA"]

1. d4 f5 2. c4 Nf6 3. Nc3 d6 4. g3 g6 5. Bg2 Bg7 6. Nh3 Nc6 7. 0-0 0-0 8. d5 Ne5 9. Qb3 Rb8 10. Be3 a6 11. Ba7 Ra8 12. Bd4 Nfd7 13. Qd1 Nf6 14. c5 h6 15. Nf4 Qe8 16. Nd3 Nf7 17. e3 g5 18. b4 Bd7 19. Re1 Qc8 20. cxd6 exd6 21. Rc1 Re8 22. a4 Ne4 23. Bxg7 Kxg7 24. Nb2 Nf6 25. Qd4 Ne5 26. Nc4 b5 27. axb5 axb5 28. Nxe5 Rxe5 29. f4 Re7 30. e4 Kg6 31. exf5+ Kf7 32. Rxe7+ Kxe7 33. fxg5 hxg5 34. Qe3+ Kf7 35. Qxg5 Bxf5 36. Rf1 Qe8 37. Ne4 Qe5 38. Qxf5 Qd4+ 39. Kh1 Ra1 40. Qxf6+ Qxf6 41. Nxf6 1-0

[Event "Naujac op 05th"]
[Site "Naujac"]
[Date "2002.07.02"]
[Round "4"]
[White "Gendre, Kostia"]
[Black "Renet, Olivier"]
[Result "0-1"]
[WhiteElo "2221"]
[BlackElo "2494"]
[PlyCount "102"]
[EventDate "2002.06.30"]
[EventType "swiss"]
[EventRounds "9"]
[EventCountry "FRA"]
[SourceTitle "CBM 089 Extra"]
[Source "ChessBase"]
[SourceDate "2002.09.10"]
[SourceVersion "2"]
[SourceVersionDate "2002.09.10"]
[SourceQuality "1"]

1. e4 c6 2. d4 d5 3. e5 Bf5 4. Bd3 Bxd3 5. Qxd3 e6 6. Ne2 Nd7 7. 0-0 Ne7 8. Bg5 h6 9. Bxe7 Bxe7 10. Nd2 c5 11. c3 h5 12. Kh1 Qc7 13. f4 g6 14. Nf3 c4 15. Qc2 b5 16. a3 Nb6 17. Ng5 Qc6 18. Ng1 Rf8 19. N1f3 0-0-0 20. Rae1 Kb7 21. Nh7 Rh8 22. Nhg5 Rdf8 23. Nh4 Rhg8 24. Qf2 Qd7 25. Qg3 Rg7 26. Ra1 Ra8 27. Nh3 Na4 28. Rf2 a5 29. f5 Bxh4 30. Qxh4 gxf5 31. Qxh5 Qe7 32. Rb1 Rg4 33. Rf4 Rag8 34. Rxg4 Rxg4 35. Nf2 Rh4 36. Qf3 Qg5 37. b3 Nb6 38. g3 Rh8 39. bxc4 bxc4 40. Qe2 Qxg3 41. Nd1 Qf4 42. Qg2 Rxh2+ 43. Qxh2 Qe4+ 44. Kg1 Qxb1 45. Qh5 Ka6 46. Kf2 Na4 47. Kg3 Qd3+ 48. Kg2 Qe4+ 49. Kg3 f4+ 50. Kf2 Nxc3 51. Nxc3 Qxd4+ 0-1

[Event "Cannes op"]
[Site "Cannes"]
[Date "2000.02.25"]
[Round "6"]
[White "Gendre, Kostia"]
[Black "Marzolo, Cyril"]
[Result "0-1"]
[WhiteElo "2176"]
[BlackElo "2396"]
[PlyCount "118"]
[EventDate "2000.02.20"]
[EventType "swiss"]
[EventRounds "9"]
[EventCountry "FRA"]
[SourceTitle "EXT 2001"]
[Source "ChessBase"]
[SourceDate "2000.11.22"]
[SourceVersion "1"]
[SourceVersionDate "2000.11.22"]
[SourceQuality "1"]

1. e4 c5 2. c3 d6 3. d4 Nf6 4. Bd3 e5 5. Ne2 Be7 6. 0-0 0-0 7. d5 Nh5 8. Ng3 Nxg3 9. fxg3 Bg5 10. h3 Bxc1 11. Qxc1 Nd7 12. Na3 Nf6 13. Qe3 a6 14. Nc4 b5 15. Nd2 Ne8 16. b3 g6 17. g4 f6 18. Rf2 Ng7 19. Raf1 Ra7 20. Qg3 Raf7 21. Qh4 Bd7 22. Rf3 h5 23. Qg3 hxg4 24. hxg4 g5 25. Kf2 Qc8 26. Rh1 Bxg4 27. Qh2 Nh5 28. Re3 Rh7 29. Be2 Bxe2 30. Rxe2 Rff7 31. Qh3 Qxh3 32. Rxh3 Nf4 33. Rxh7 Rxh7 34. Re3 Rh2 35. Rg3 Kf7 36. Nf1 Rh1 37. Rf3 Kg6 38. a4 Kf7 39. g3 g4 40. Re3 Nh3+ 41. Ke1 Kg6 42. Re2 Ng1 43. Rc2 Nf3+ 44. Kf2 Ng5 45. axb5 axb5 46. Re2 Rh8 47. Ke3 Ra8 48. Kd3 Ra3 49. Nd2 Nf3 50. Kc2 Ra2+ 51. Kd1 Rxd2+ 52. Rxd2 Nxd2 53. Kxd2 c4 54. b4 Kg5 55. Ke2 f5 56. exf5 Kxf5 57. Ke3 e4 58. Kd4 e3 59. Kxe3 Ke5 0-1

[Event "Cannes op"]
[Site "Cannes"]
[Date "2000.02.23"]
[Round "4"]
[White "Gendre, Kostia"]
[Black "Gnininvi, Ephrem"]
[Result "1-0"]
[WhiteElo "2176"]
[BlackElo "2080"]
[PlyCount "69"]
[EventDate "2000.02.20"]
[EventType "swiss"]
[EventRounds "9"]
[EventCountry "FRA"]
[SourceTitle "EXT 2001"]
[Source "ChessBase"]
[SourceDate "2000.11.22"]
[SourceVersion "1"]
[SourceVersionDate "2000.11.22"]
[SourceQuality "1"]

1. e4 c5 2. c3 e6 3. d4 d5 4. e5 Nc6 5. Nf3 Nge7 6. Bd3 cxd4 7. cxd4 Qb6 8. Nc3 Bd7 9. 0-0 Nb4 10. Bb1 Bc6 11. Be3 g6 12. a3 Na6 13. Bd3 Nc7 14. Na4 Bxa4 15. Qxa4+ Nc6 16. Rac1 a6 17. h4 Be7 18. Qc2 Rc8 19. b4 Bd8 20. Rfd1 0-0 21. Qa4 f5 22. exf6 Bxf6 23. Ne5 Nxe5 24. dxe5 d4 25. exf6 Qd6 26. Bg5 h6 27. Bxh6 Rxf6 28. Qc2 e5 29. Bg5 Rff8 30. Qc5 Nb5 31. Qxd6 Nxd6 32. Be7 Rxc1 33. Rxc1 Rc8 34. Rxc8+ Nxc8 35. Bf6 1-0

[Event "FRA-chT2S 9900"]
[Site "France"]
[Date "2000.02.06"]
[Round "7"]
[White "Gendre, Kostia"]
[Black "Garcia, Olivier"]
[Result "1-0"]
[WhiteElo "2199"]
[BlackElo "2265"]
[PlyCount "49"]
[EventDate "1999.01.15"]
[EventType "team"]
[EventRounds "7"]
[EventCountry "FRA"]
[SourceTitle "EXT 2002"]
[Source "ChessBase"]
[SourceDate "2001.11.25"]
[SourceVersion "1"]
[SourceVersionDate "2001.11.25"]
[SourceQuality "1"]

1. e4 c5 2. c3 Nf6 3. e5 Nd5 4. d4 cxd4 5. Nf3 e6 6. Bc4 Nb6 7. Bb3 d5 8. cxd4 Be7 9. Nc3 Nc6 10. 0-0 Bd7 11. Bc2 Rc8 12. a3 a6 13. g3 Na5 14. h4 h6 15. Nd2 Nac4 16. Qg4 g5 17. Nxc4 Nxc4 18. hxg5 hxg5 19. f4 Qb6 20. fxg5 Rf8 21. Qf4 Nxa3 22. Bd3 Nc4 23. Ne2 Qb3 24. Qf3 Qb6 25. Kg2 1-0

[Event "FRA-chT2S 9899"]
[Site "France"]
[Date "1999.??.??"]
[Round "5"]
[White "Gendre, Kostia"]
[Black "Dunis, Aurelien"]
[Result "0-1"]
[WhiteElo "2199"]
[BlackElo "2196"]
[PlyCount "90"]
[EventDate "1998.??.??"]
[EventType "team"]
[EventRounds "9"]
[EventCountry "FRA"]
[SourceTitle "EXT 2002"]
[Source "ChessBase"]
[SourceDate "2001.11.25"]
[SourceVersion "1"]
[SourceVersionDate "2001.11.25"]
[SourceQuality "1"]

1. e4 c5 2. c3 g6 3. h4 d5 4. h5 dxe4 5. hxg6 fxg6 6. Bc4 Nf6 7. Qb3 Bg7 8. Nh3 Nc6 9. Ng5 Ne5 10. Qb5+ Kf8 11. d4 exd3 12. Qxc5 Qd6 13. Qxd6 exd6 14. Bb3 Bf5 15. f3 Re8 16. Kf2 d5 17. Bd1 d2 18. Nxd2 Nd3+ 19. Kg3 h6 20. Nh3 Nh5+ 21. Kh2 Be5+ 22. f4 Ndxf4 23. Nf3 Bb8 24. Nxf4 Nxf4 25. Bxf4 Bxf4+ 26. g3 Bc7 27. Nd4 Be4 28. Rf1+ Kg7 29. Ba4 Re7 30. Rae1 h5 31. Kh3 Rf8 32. Rxf8 Kxf8 33. Rf1+ Kg7 34. Rf2 Be5 35. Nf3 Rf7 36. Bd1 g5 37. g4 h4 38. Be2 d4 39. cxd4 Bxd4 40. Rf1 Bxb2 41. Nxg5 Rxf1 42. Bxf1 Bd5 43. Kxh4 Bf6 44. Kh5 Bxa2 45. Ne4 Bf7# 0-1

[Event "Naujac op 02nd"]
[Site "Naujac"]
[Date "1999.??.??"]
[Round "7"]
[White "Kraaijeveld, Jan"]
[Black "Gendre, Kostia"]
[Result "0-1"]
[WhiteElo "1850"]
[BlackElo "2185"]
[PlyCount "34"]
[EventDate "1999.07.??"]
[EventType "swiss"]
[EventRounds "7"]
[EventCountry "FRA"]
[SourceTitle "EXT 2000"]
[Source "ChessBase"]
[SourceDate "1999.11.16"]
[SourceVersion "1"]
[SourceVersionDate "1999.11.16"]
[SourceQuality "1"]

1. e4 e6 2. d4 d5 3. Nc3 Nf6 4. Bg5 Be7 5. e5 Nfd7 6. h4 c5 7. Qg4 f5 8. Qg3 cxd4 9. Bxe7 Qxe7 10. Nb5 0-0 11. f4 Qb4+ 12. Kd1 Qxb2 13. Rc1 Nc5 14. Bd3 Nc6 15. Ne2 Nb4 16. Qf3 Nbxd3 17. cxd3 Qxb5 0-1

[Event "FRA-chT2S 9899"]
[Site "France"]
[Date "1998.10.18"]
[Round "1"]
[White "Gendre, Kostia"]
[Black "Veysseyre, Didier"]
[Result "1-0"]
[WhiteElo "2170"]
[BlackElo "2190"]
[PlyCount "93"]
[EventDate "1998.??.??"]
[EventType "team"]
[EventRounds "9"]
[EventCountry "FRA"]
[SourceTitle "EXT 2002"]
[Source "ChessBase"]
[SourceDate "2001.11.25"]
[SourceVersion "1"]
[SourceVersionDate "2001.11.25"]
[SourceQuality "1"]

1. e4 e6 2. d4 d5 3. e5 c5 4. c3 Nc6 5. Nf3 Qb6 6. Bd3 cxd4 7. cxd4 Bd7 8. 0-0 Nxd4 9. Nxd4 Qxd4 10. Nc3 a6 11. Qf3 Ne7 12. Rd1 Qxe5 13. Bf4 Qf6 14. Re1 Bc6 15. Rad1 Rd8 16. Qg3 Nf5 17. Qg4 Nh6 18. Qg3 Nf5 19. Qh3 Bd6 20. Bxf5 Bxf4 21. Bxe6 0-0 22. Bxd5 Bxd5 23. Nxd5 Qg5 24. Qb3 b5 25. Ne7+ Kh8 26. Qxf7 Bd2 27. h4 Qh6 28. Nc6 Rxf7 29. Nxd8 Qf4 30. Nxf7+ Kg8 31. Ng5 Bxe1 32. Rd8+ Qf8 33. Rxf8+ Kxf8 34. Nxh7+ Ke7 35. Kf1 Bd2 36. Ke2 Bc1 37. b3 Kd6 38. Ng5 Kc5 39. Kd1 Bb2 40. Kc2 Ba1 41. Kb1 Be5 42. f4 Bb8 43. h5 Kd4 44. g3 Ke3 45. Ne6 Kf3 46. Nxg7 Ba7 47. Ne6 1-0

[Event "Saint Affrique op 06th"]
[Site "Saint Affrique"]
[Date "1998.??.??"]
[Round "6"]
[White "Foisor, Cristina Adela B"]
[Black "Gendre, Kostia"]
[Result "1-0"]
[WhiteElo "2410"]
[BlackElo "2170"]
[PlyCount "133"]
[EventDate "1998.07.??"]
[EventType "swiss"]
[EventRounds "7"]
[EventCountry "FRA"]
[SourceTitle "EXT 2000"]
[Source "ChessBase"]
[SourceDate "1999.11.16"]
[SourceVersion "1"]
[SourceVersionDate "1999.11.16"]
[SourceQuality "1"]

1. Nf3 f5 2. c4 Nf6 3. g3 g6 4. Bg2 Bg7 5. 0-0 0-0 6. Nc3 d6 7. d4 Nc6 8. d5 Ne5 9. Nxe5 dxe5 10. e4 f4 11. f3 Qd6 12. Kh1 fxg3 13. hxg3 Nh5 14. Ne2 b6 15. Be3 e6 16. Kh2 a5 17. Rc1 Rd8 18. Qc2 exd5 19. cxd5 Ba6 20. Rf2 Ra7 21. Ng1 Rf8 22. Qc6 Rf6 23. Qxd6 Rxd6 24. Bh3 Nf6 25. Rfc2 Ne8 26. Be6+ Kf8 27. Nh3 h6 28. f4 Bd3 29. Rf2 Rxe6 30. dxe6 Bxe4 31. fxe5+ Ke7 32. Rd1 Bf5 33. Rd7+ Kxe6 34. Rfd2 Bxe5 35. Bxb6 Rb7 36. Bc5 Bd6 37. Rd8 Ke7 38. Ra8 Bxc5 39. Re2+ Be6 40. Nf4 Ng7 41. Rg8 Bd4 42. b3 Rb6 43. Ra8 Kf7 44. Rxa5 Bf5 45. Ra4 Bc5 46. Nd5 Rb7 47. Rf4 Nh5 48. Rf3 Kg7 49. Nf4 Bg4 50. Ne6+ Bxe6 51. Rxe6 Rb4 52. Kg2 Rg4 53. Rc6 Bd6 54. Rcc3 Nf6 55. Rc4 Rg5 56. a4 Nd7 57. Re4 h5 58. b4 Rd5 59. Rb3 Rd2+ 60. Kf1 Ra2 61. a5 Ne5 62. Ke1 Kf6 63. Kd1 Ke6 64. Kc1 Kd5 65. Kb1 Ra4 66. Rf4 Kc6 67. b5+ 1-0

[Event "Cappelle op 11th"]
[Site "Cappelle la Grande"]
[Date "1995.??.??"]
[Round "5"]
[White "Gendre, Kostia"]
[Black "Klovans, Janis"]
[Result "0-1"]
[WhiteElo "2135"]
[BlackElo "2500"]
[PlyCount "60"]
[EventDate "1995.03.??"]
[EventType "swiss"]
[EventRounds "9"]
[EventCountry "FRA"]
[SourceTitle "EXT 1997"]
[Source "ChessBase"]
[SourceDate "1996.11.15"]
[SourceVersion "1"]
[SourceVersionDate "1996.11.15"]
[SourceQuality "1"]

1. e4 c5 2. c3 d5 3. exd5 Qxd5 4. d4 Nf6 5. Nf3 e6 6. Be2 Nc6 7. 0-0 Be7 8. Na3 0-0 9. Nb5 Qd8 10. dxc5 Bxc5 11. Bf4 Nd5 12. Bg3 a6 13. Nbd4 Nxd4 14. Nxd4 Qb6 15. Nb3 Be7 16. Bd3 Bd7 17. Re1 Rfd8 18. Qe2 Rac8 19. Rad1 a5 20. Nd4 a4 21. c4 Nb4 22. Bb1 Bf6 23. Qe4 g6 24. Nf3 Bc6 25. Qf4 Bxb2 26. Ng5 Be8 27. c5 Rxd1 28. Rxd1 Qxc5 29. Qh4 h5 30. Bd6 Qxd6 0-1

[Event "Cappelle op 11th"]
[Site "Cappelle la Grande"]
[Date "1995.??.??"]
[Round "4"]
[White "Lisenko, Alexander V"]
[Black "Gendre, Kostia"]
[Result "1-0"]
[WhiteElo "2390"]
[BlackElo "2135"]
[PlyCount "85"]
[EventDate "1995.03.??"]
[EventType "swiss"]
[EventRounds "9"]
[EventCountry "FRA"]
[SourceTitle "EXT 1997"]
[Source "ChessBase"]
[SourceDate "1996.11.15"]
[SourceVersion "1"]
[SourceVersionDate "1996.11.15"]
[SourceQuality "1"]

1. c4 f5 2. Nf3 Nf6 3. g3 g6 4. Bg2 Bg7 5. 0-0 0-0 6. d4 d6 7. Nc3 Nc6 8. d5 Na5 9. Qd3 e5 10. dxe6 Bxe6 11. b3 Kh8 12. Nd4 Bg8 13. Bd2 Qd7 14. Rae1 Nc6 15. Nxc6 bxc6 16. e4 d5 17. exd5 cxd5 18. cxd5 Rad8 19. Be3 Nxd5 20. Nxd5 Bxd5 21. Bxa7 Qf7 22. Bxd5 Rxd5 23. Qc4 Qd7 24. Bc5 Rf7 25. Be3 h6 26. Kg2 g5 27. Rd1 c6 28. f4 Rxd1 29. Rxd1 Qxd1 30. Qxf7 Qe2+ 31. Bf2 g4 32. Qc4 Qf3+ 33. Kg1 Qd1+ 34. Qf1 Qd2 35. a4 Qc2 36. a5 Qxb3 37. a6 Qa2 38. a7 Bc3 39. Qd1 Bf6 40. Bd4 Kg7 41. Bxf6+ Kxf6 42. Qd8+ Kg7 43. a8Q 1-0

[Event "FRA-chT"]
[Site "France"]
[Date "1991.??.??"]
[Round "?"]
[White "Gendre, Kostia"]
[Black "Verat, Laurent"]
[Result "0-1"]
[WhiteElo "2080"]
[BlackElo "2290"]
[PlyCount "54"]
[EventDate "1991.??.??"]
[EventType "team"]
[EventRounds "12"]
[EventCountry "FRA"]
[SourceTitle "TD"]
[Source "ChessBase"]
[SourceDate "1994.03.01"]
[SourceVersion "1"]
[SourceVersionDate "1994.03.01"]
[SourceQuality "1"]

1. e4 c5 2. Nf3 d6 3. c3 Nc6 4. d4 Nf6 5. Bd3 g6 6. 0-0 Bg7 7. Na3 0-0 8. Nc2 c4 9. Bxc4 Nxe4 10. Re1 d5 11. Bd3 Nd6 12. Ne3 e6 13. Ng4 f6 14. Bh6 Bxh6 15. Nxh6+ Kg7 16. Qd2 e5 17. dxe5 fxe5 18. Nxe5 Qh4 19. Nxc6 bxc6 20. c4 dxc4 21. Bxg6 hxg6 22. g3 Qf6 23. g4 g5 24. Nf5+ Bxf5 25. gxf5 Nxf5 26. Rac1 Nh4 27. Rc3 Rad8 0-1

[Event "FRA-chT"]
[Site "France"]
[Date "1991.??.??"]
[Round "?"]
[White "Joly, Fabrice"]
[Black "Gendre, Kostia"]
[Result "1/2-1/2"]
[WhiteElo "2030"]
[BlackElo "2080"]
[PlyCount "100"]
[EventDate "1991.??.??"]
[EventType "team"]
[EventRounds "12"]
[EventCountry "FRA"]
[SourceTitle "TD"]
[Source "ChessBase"]
[SourceDate "1994.03.01"]
[SourceVersion "1"]
[SourceVersionDate "1994.03.01"]
[SourceQuality "1"]

1. d4 f5 2. Nc3 Nf6 3. Bg5 d5 4. Bxf6 exf6 5. e3 c6 6. Bd3 g6 7. Qf3 Na6 8. a3 Nc7 9. h4 Ne6 10. Nh3 Bd6 11. 0-0-0 Qa5 12. Ne2 Bd7 13. Nhf4 Ng7 14. h5 Kf7 15. hxg6+ hxg6 16. Ng3 b5 17. c3 Qc7 18. Kb1 a5 19. Rc1 Qb6 20. Rxh8 Rxh8 21. Qd1 b4 22. Qb3 Qb8 23. cxb4 axb4 24. axb4 g5 25. Nfe2 Qxb4 26. Qxb4 Bxb4 27. Rh1 Rxh1+ 28. Nxh1 Ne8 29. Nhg3 Nd6 30. Kc2 Ne4 31. f3 Nd6 32. Nc3 Ke7 33. Kb3 Ba5 34. Nf1 Nb7 35. Ng3 Nd6 36. Nf1 Nb7 37. Ba6 Bc8 38. Bd3 Be6 39. Ng3 Nd6 40. Ka4 Bb6 41. Nge2 Kd7 42. b4 Kc7 43. Kb3 Ba7 44. Na4 Bf7 45. Nc5 g4 46. Nf4 Kd8 47. Ka4 Bb6 48. Nfe6+ Ke7 49. Nf4 Be8 50. Kb3 Kf7 1/2-1/2